2 Borders 1 Country Quiz Stats

 Plays Quiz Updated Nov 1, 2017

Challenge
Share
Tweet
Embed
Score 0/18 Timer 06:00
5 Plays Today
Border 1 Country % Correct
MexicoUnited States
97%
ChinaNorth Korea
94.9%
FranceAndorra
92.7%
ChileBolivia
88.1%
EgyptLibya
87.9%
OmanSaudi Arabia
87.8%
LesothoSouth Africa
87.3%
San MarinoItaly
86.4%
ChileArgentina
85.6%
Border 1 Country % Correct
EcuadorPeru
83%
GermanyCzechia
82.9%
MoroccoAlgeria
81.3%
RussiaNorway
80.9%
AzerbaijanRussia
80.1%
GuatemalaHonduras
78.7%
BruneiMalaysia
76.7%
KenyaTanzania
71.5%
SlovakiaUkraine
70.4%

You're not logged in!

Compare scores with friends on all Sporcle quizzes.
Join for Free
OR
Log In

You Might Also Like...

Show Comments

Extras

Top Quizzes Today


Score Distribution

Your Account Isn't Verified!

In order to create a playlist on Sporcle, you need to verify the email address you used during registration. Go to your Sporcle Settings to finish the process.

Report this User

Report this user for behavior that violates our Community Guidelines.

Details: